| 000 | 00465 a2200169 4500 | ||
|---|---|---|---|
| 001 | 066917 | ||
| 003 | OSt | ||
| 005 | 20211022094934.0 | ||
| 008 | |||
| 082 |
_a332 _bS34M |
||
| 100 | 1 | _aSrinivasan, N. | |
| 245 | 1 |
_aMicrofinance in India: a state of the sector report, 2009 _cby N. Srinivasan |
|
| 260 |
_aLondon _bSage Publication _c2009 |
||
| 300 | _a160p. | ||
| 690 | _aMicrofinance; Rural Development; India | ||
| 942 |
_2ddc _cBK |
||
| 999 |
_c910 _d910 |
||